Guess The Artist By Letter (R) - Statistics

General Stats
  • This quiz has been taken 87 times
  • The average score is 9 of 20
Answer Stats
Hint Answer % Correct
Umbrella Rihanna
94%
Losing My Religion R.E.M.
86%
Never Gonna Give You Up Rick Astley
82%
Creep Radiohead
81%
Blitzkrieg Bop The Ramones
64%
Sympathy For The Devil The Rolling Stones
64%
Hit The Road Jack Ray Charles
54%
La Bamba Ritchie Valens
51%
Can't Fight This Feeling REO Speedwagon
47%
Black Betty Ram Jam
46%
Dani California The Red Hot Chili Peppers
44%
Cotton Eye Joe Rednex
35%
Life Is A Highway Rascal Flatts
29%
Come And Get Your Love Redbone
29%
What I Like About You The Romantics
28%
Candy Robbie Williams
17%
Send Me On My Way Rusted Root
15%
Catch The Rainbow Rainbow
14%
Rhythm of My Heart Rod Stewart
13%
The Night The Lights Went Out In Georgia Reba McIntire
5%
No matching quizzes found
Score Distribution
Percent of People with Each Score
Percentile by Number Answered
Your Score History
You have not taken this quiz